00530nam a2200205Ia 4500003000400000005001700004008004100021020002200062040000700084041000800091082001600099100003100115245006100146250000700207260004400214300002300258365001300281650001500294650001500309OSt20230518090654.0210423s2016 xx 000 0 und d a978-93-83866-48-9 cAL aeng a657.46 MEHI aMEHROTRA (H C);GOYAL (S P) aIncome tax and tax planning and management 2016-17 Ed 37 a37 aAgrabSahitya Bhawan Publicationsc2016 axi,855,152,xixbPB b750cINR aAccounting aIncome Tax